02343cam a2200277 a 45000010005000000030006000050050017000110080041000280100017000690200015000860350023001010400025001240430012001490500023001610820012001841000022001962450067002182600034002853000041003195201553003606000023019136500025019366500036019616510034019976510034020313619FISKH20240328135208.0000908s2000 fr 000 0dfre  a 2001318428 a2710309742 a(FrPJT)JTL00052842 aDLCcDLCbengdFISKH aa-cb---00aDS554.8b.B65 2000 a959.6041 aBizot, François13aLe portail /cFrançois Bizot ; préface de John Le Carré. aParis :bTable ronde,cc2000. a397 pages :billustrations ;c21 cm. a"A literary and historical tour de force: what one man saw and did in a land of pristine beauty on the eve of one of the twentieth century's most barbaric spectacles." "In 1971, Francois Bizot was a young French scholar of Khmer pottery and Buddhist ritual working in rural Cambodia. Now, more than thirty years later, he has summoned up the unbearable memory of that moment, letting us see as never before those years leading inexorably to genocide. Perfectly recalled, indelibly written, The Gate recounts the nightmare of Bizot's arrest and captivity on suspicion of being an American spy, and his nearly miraculous survival as the only Westerner ever to escape a Khmer Rouge prison. It is the story, as well, of Bizot's unlikely friendship with his captor, Douch - a figure today better remembered as a ruthless perpetrator of the then-looming terror, about which Bizot tried, without success, to warn his government." "Bizot's experience to that point would itself have merited report. But upon his return to Cambodia four years later, chance ordained a second remarkable act in this drama. As the sole individual fluent in both French and Khmer, Bizot found himself playing the intermediary in a surreal standoff when the Communist-backed guerillas now ascendant, laid siege to the French Embassy compound in Phnom Penh. Finally it would fall to Bizot to lead the desperate retreat of the colonial population: here he recounts how he helped the remaining Westerners - and any Cambodians he could - to escape the doomed capital."--BOOK JACKET.10aBizot, François. 0aCommunismzCambodia. 0aPolitical atrocitieszCambodia. 0aCambodiaxHistoryy1953-1975. 0aCambodiaxHistoryy1975-1979.